000 01002nam0a22003011 4500
001 v19\rc\1890321
005 20251118180401.7
035 _a(NLR Aleph) 004977896
090 _a6153853
_c6153853
100 _a20080221d1910 u y0rusy50 ca
101 0 _arus
102 _aRU
105 _aa z |||||
200 1 _aКристаллография в стереоскопе
_eСимметрия кристаллов
_fА.Я. Юсевич
210 _aСанкт-Петербург
_d1910
215 _a29 с., 50 отд. с. черт. в папке-коробке
_d18
225 1 _aИздание Брокгауз-Ефрон
_iСерия 3
700 1 _aЮсевич
_bА.Я.
_gАлександр Яковлевич
801 0 _aRU
_bNLR
_gpsbo
801 0 _aRU
_bRuMoRGB
_2psbo
801 1 _aRU
_bProSoft-M
_2rusmarc
852 _aNLR
_j38.80.4.188
899 _aRuMoRGB
_jU 478/82
899 _aRuMoRGB
_jU 50/442
899 _aRuMoRGB
_jФ 1-75/17732
899 _aБАН
942 _cBOOK
980 _aNB